000 00414nam a2200169Ia 4500
001 16342
003 IN-NITTTR
005 20251114233154.0
008 251113s9999||||xx |||||||||||||| ||eng||
040 _beng
040 _cIN-NITTTR
041 _aeng
082 _a370.5 U3U
100 _aM'Bow, Amadou-Mahtar
245 0 _aUNESCO on the eve of fortieth anniversary. /
_cM'Bow, Amadou-Mahtar
942 _2ddc
_cBK
999 _c18976
_d18976